Responses for show #7693 - Wednesday, February 7, 2018

Contestants

John Giambrone, an investment banking analyst from New York, New York

Marcy Lehman, a senior business systems analyst from Marion, Iowa

Sean Udicious, an expeditor from Cherry Hill, New Jersey (whose 2-day cash winnings total $30,799)

Jeopardy! Round responses

SHARK TANK
(Alex: All of the clues will be delivered by the stars of Shark Tank.)
1968 IN AMERICAN HISTORY
VOCABULARY
THE STATEN ISLAND FERRY IN POP CULTURE
AUTHORS' FICTIONAL PLACES
"SECURITY"
    $200 1
Boeing

John
    $200 6
minor

Sean
    $200 8
Iron Man

Sean
    $200 13
J. R. R. Tolkien

Sean
    $200 16
U. N. Security Council

John
    $400 17
angel investor

Marcy
    $400 2
60 Minutes

Sean
    $400 7
(Marcy: What is order?)
(Alex: The opposite of chaos is [*].)

cosmos

Marcy
Triple Stumper
    $400 9
David Letterman

Sean
    $400 14
(J. K.) Rowling

Sean
    $400 20
(John: What is the New Deal?)

Social Security Act

John
Triple Stumper
    $600 18
zeitgeist

Marcy
    $600 3
Earl Warren

Sean
    $600 28
ulterior

Marcy
    $600 10
Melanie Griffith

Marcy
    $2,000 15
(Sean: Who is C. S. Lewis?)

Jonathan Swift

Sean
    $600 23
security blanket

Sean
    $800 19
return on investment

Sean
    $800 4
Tet Offensive

Marcy
    $800 27
(Marcy: What is medicine?)

remedy

Marcy
Triple Stumper
    $800 11
Sarah Jessica Parker (Carrie Bradshaw)

Sean
    $800 21
(Alex: There's a man who corrupted it, according to [*].)

Mark Twain

Triple Stumper
    $800 24
(Alex: Less than a minute now.)

maximum-security prison

Marcy
    $1000 29
(Alex: And that word we're going for is [*].)
[The end-of-round-signal sounds.]

proprietary

Triple Stumper
    $1000 5
(John: What is the NAACP?)

Southern Christian Leadership Conference

John
Triple Stumper
    $1000 26
(John: What is shriek?)

shrill

John
Triple Stumper
    $1000 12
Trainwreck

Marcy
    $1000 22
(Sean: Who is Baum?)
(Alex: Who is [*]. Yeah, you know about him.)

C. S. Lewis

Sean
Triple Stumper
    $1000 25
home security

Marcy

Scores at the first commercial break (after clue 15):

Sean Marcy John
$1,200 $2,000 -$800

Scores at the end of the Jeopardy! Round:

Sean Marcy John
$1,600 $4,600 -$2,000

Double Jeopardy! Round responses

NEWSPAPERS
THE GLOBE
THE WASHINGTON POST
(Alex: Hey, there's a theme.)
THE SUN
THE "DIS"PATCH
THE HAROLD
    $400 1
the Bee

Marcy
    $400 2
New Guinea

Sean
    $400 4
(Alex: Oh, boy. We're gonna give you some leniency there. It's a [*].)
(Sean: Thank you.)
(Alex: Not with a G in there.)

veterinarian

Sean
    $400 26
dwarf

Marcy
    $400 14
disco ball

Sean
    $400 21
Harold & Kumar

John
    $800 3
"All the news that's fit to print"

Sean
    $800 12
(John: What is the Saudi Arabian peninsula?)
(Marcy: What is the [*]?)
(Alex: Yes, there are other countries on that peninsula.)

Arabian Peninsula

MarcyJohn
    $800 5
Bureau of Engraving and Printing

John
    $800 27
fusion

Marcy
    $800 15
dissertation

Marcy
    $800 22
(Alex: With less than a minute now.)

Harold Ramis

Sean
    $1,500 9
Gainesville

John
    $1200 13
(Alex: It flows in a northerly direction to the [*].)

Arctic Ocean

Triple Stumper
    $1200 6
Watergate

John
    $1200 28
Ulysses

Marcy
    $1200 16
dismount

Marcy
    $1200 23
LOST

Sean
    $1600 10
Register

John
    $1,600 19
Sahara Desert

John
    $1600 7
Chief Usher

John
    $1600 17
discography

Sean
    $1600 24
(Sean: Who is Prince?)

(Robert) Preston

SeanMarcy
    $2000 11
Cleveland Plain Dealer

Triple Stumper
    $2000 20
Ulaanbaatar

Triple Stumper
    $2000 8
the Solicitor General

John
    $2000 18
(Sean: What is disability?)
(Marcy: What is disabled?)
(John: What is [*]?)
(Alex: Yes. Americans with [*] Act. That's the ADA. It helped you, John.)

Disabilities

SeanMarcyJohn
    $2000 25
(Alex: The Harold this time, [*].)

Harold Arlen

Triple Stumper

Scores at the end of the Double Jeopardy! Round:

Sean Marcy John
$3,600 $9,800 $9,900

[wagering suggestions for these scores]

Final Jeopardy! Round responses

FLAG COLORS
(Alex: A little difficult for Marcy, she's not from the New York area.)
SeanWhat are blue, orange, and white?
$1,600
MarcyWhat are yellow, blue and orange?
$7,300
JohnWhat is blue, white, orange?
$9,701
blue, white, and orange

Final scores:

Sean Marcy John
$5,200 $2,500 $19,601
2nd place: $2,000 3rd place: $1,000 New champion: $19,601

Game dynamics:

Coryat scores:

Sean Marcy John
$5,600 $9,800 $9,600
17 R,
4 W
(including 1 DD)
16 R,
3 W
11 R
(including 2 DDs),
4 W

Combined Coryat: $25,000

The J! Archive is created by fans, for fans. The Jeopardy! game show and all elements thereof, including but not limited to copyright and trademark thereto, are the property of Jeopardy Productions, Inc. and are protected under law. This website is not affiliated with, sponsored by, or operated by Jeopardy Productions, Inc. Join the discussion at JBoard.tv.